Čo Oju

Bibliographic Details
Main Author: Tichy, Herbert, 1912-1987 (Author)
Other Authors: Pacl, Juraj, 1926-2011 (Translator, Author of introduction, etc.)
Format: Book
Language:Slovak
German
PhysicalDescription:155 s., [32] s. fot. príl. 25 cm
Published: Bratislava Osveta 1961
Edition:1. vyd.
Series:Hory a ľudia
Subjects:

MARC

LEADER 00000cam a2200000 a 4500
001 vtls008350676
003 SK-MaSNL
005 20260301222719.0
008 230403s1961 xo o g 000 m slo
015 |a SNBA1961/09-01870 
020 |q (viazané) 
035 |a SK01SNK19610042893 
035 |a urn:nbn:sk:snk-am3irfk 
035 |a FDE0D38E-5357-44F5-99A4-F780AD362460 
035 |a urn:nbn:sk:snk-am00ff0v 
035 |a SKM000045356 
040 |a SNK  |b slo  |c SNK  |e AACR2 
041 1 |a slo  |h ger 
043 |a ah----- 
044 |a xo  |c SK 
072 7 |a 796  |x Šport. Hry. Telesné cvičenia  |2 konspekt 
080 |a 796.52  |2 2011 
080 |a 910.4:796.52  |2 2011 
080 |a (510+541.35)  |2 2011 
080 |a (235.243)  |2 2011 
080 |a (0:82-992)  |2 2011 
100 1 |a Tichy, Herbert,  |d 1912-1987  |4 aut  |9 612720 
240 1 0 |a Cho Oyu  |l Slovensky 
245 1 0 |a Čo Oju  |c Herbert Tichy ; z nemeckého originálu Cho Oyu ... preložil J. Pacl 
250 |a 1. vyd. 
260 |a Bratislava  |b Osveta  |c 1961  |e Martin  |f Tlačiarne SNP 
300 |a 155 s., [32] s. fot. príl.  |c 25 cm 
366 |e 6000 kusov 
490 1 |a Hory a ľudia 
500 |a Poznámky. Frontispice 
500 |a Obsahuje vysvetlivky a poznámky 
650 0 7 |a horolezectvo  |2 SNKPH  |9 1050 
650 0 7 |a horolezecké expedície  |2 SNKPH  |9 1570 
650 0 7 |a Mountaineering  |2 SNKPHeng  |9 267361 
650 0 7 |a Mountaineering expeditions  |2 SNKPHeng  |9 333519 
651 7 |a Himaláje (pohorie)  |2 SNKPHgeo  |9 28710 
651 7 |a Čho Oju (Himaláje, Čína a Nepál : vrch)  |2 SNKPHgeo  |9 87405 
651 7 |a Himalaya Mountains  |2 SNKPHeng  |9 313560 
651 7 |a Čho Oju (Himaláje, China and Nepal : mountain)  |2 SNKPHeng  |9 612721 
655 7 |a cestopisy  |2 SNKPH  |9 70220 
655 7 |a Books of travels  |2 SNKPHeng  |9 280380 
700 1 |a Pacl, Juraj,  |d 1926-2011  |4 trl  |4 aui  |9 195551 
830 0 |a Hory a ľudia  |9 347682 
852 |a Slovenská národná knižnica 
954 |a beletria cudzojazyčná (svetová)  |2 lita 
958 |a OND 
958 |a RK 
958 |a DE 
958 |a UP 
958 |a LX 
958 |a EUIPO 
999 |c 940794  |d 942724 
952 |t P60, <04>, [BOOK], {604}  |a SNK  |b SNK  |y VYP  |7 0  |p 17A0258596  |o snkSC 15632 D1  |0 0  |1 0  |4 0  |d 1997-01-20  |l 0  |r 2005-01-01 00:00:00  |w 2026-02-24 
952 |a SNK  |b SNK  |y PREZ  |7 0  |p 17A0847087  |o snkSC 15632  |i snkKSP 4713/61  |0 0  |1 0  |4 0  |d 2020-04-20  |f 1  |l 0  |r 2025-07-18 00:00:00  |w 2026-02-24